000
00188 a2200097 4500
020
_a
9780545164481
041
_a
eng
100
_a
Lynn Maslen Kertell
245
_a
Hid and Seek
942
_c
K
999
_c
27833
_d
27833